| 000 | 00685cam a22002411 4500 | ||
|---|---|---|---|
| 001 | sa 68000985 | ||
| 003 | DLC | ||
| 005 | 20260227112429.0 | ||
| 008 | 711108s1967 ii b 000 0 eng | ||
| 010 | _asa 68000985 //r92 | ||
| 025 | _aPL480:I-E-8749 | ||
| 040 |
_aDLC _cDLC _dDLC |
||
| 043 | _aa-ii--- | ||
| 050 | 0 | 0 |
_aHC440.I5 _bN28 |
| 082 | 0 | 0 |
_a339.354 _220 |
| 110 | 2 | 0 | _aNational Council of Applied Economic Research. |
| 245 | 1 | 0 | _aEstimates of state income; 1950-51, 1955-56 and 1960-61 at 1960-61 prices. |
| 260 | 1 |
_aNew Delhi _c[1967] |
|
| 300 |
_ax, 71 p. _c23 cm. |
||
| 350 |
_aRs9 _a$1.50 |
||
| 504 | _aBibliographical footnotes. | ||
| 650 | 0 |
_aIncome _zIndia _xStates. |
|
| 999 |
_c77608 _d77608 |
||